000 00587nam a2200229 i 4500
001 C2-0231823
003 PPAK
005 20180728085009.0
008 001203s1956 nyu |||| ||||| | eng d
040 _aPPAK
_beng
_cPPAK
_erda
082 0 4 _a823
_223
090 0 0 _a823
_bCRO
_dKSI
100 1 _aCronin, A.J.,
_eauthor
245 1 4 _aThe green years
264 1 _aNew York :
_bBantam Books ,
_c1956
300 _a311 pages ;
_c17 cm
336 _2rdacontent
_atext
337 _2rdamedia
_aunmediated
338 _2rdacarrier
_avolume
650 1 0 _aEnglish fiction
942 _ddc
_cB
999 _c151171
_d151171